Landscaping for dummies / (Record no. 19348)
[ view plain ]
| 000 -LEADER | |
|---|---|
| fixed length control field | 00993nam a2200253 4500 |
| 008 - FIXED-LENGTH DATA ELEMENTS--GENERAL INFORMATION | |
| fixed length control field | 240223b ||||| |||| 00| 0 eng d |
| 020 ## - INTERNATIONAL STANDARD BOOK NUMBER | |
| International Standard Book Number | 9781119853480 |
| 082 ## - DEWEY DECIMAL CLASSIFICATION NUMBER | |
| Classification number | DC 712.6 |
| Item number | C344 2022 |
| 100 ## - MAIN ENTRY--PERSONAL NAME | |
| Personal name | Chace, Teri Dunn. |
| 9 (RLIN) | 53293 |
| 245 ## - TITLE STATEMENT | |
| Title | Landscaping for dummies / |
| Statement of responsibility, etc. | Dunn Chace and five others ; Michael MacCaskey, Bill Marken and Sally Roth, contributors. |
| 250 ## - EDITION STATEMENT | |
| Edition statement | 2nd edition. |
| 260 ## - PUBLICATION, DISTRIBUTION, ETC. (IMPRINT) | |
| Place of publication, distribution, etc. | Hoboken, NJ : |
| Name of publisher, distributor, etc. | John Wiley & Sons, Inc., |
| Date of publication, distribution, etc. | ©2022. |
| 300 ## - PHYSICAL DESCRIPTION | |
| Extent | xiv, 416 pages : |
| Other physical details | illustrations (some colored) ; |
| Dimensions | 23 cm. |
| 500 ## - GENERAL NOTE | |
| General note | Includes appendices and index. |
| 650 ## - SUBJECT ADDED ENTRY--TOPICAL TERM | |
| Topical term or geographic name as entry element | Landscape gardening. |
| 9 (RLIN) | 53294 |
| 700 ## - ADDED ENTRY--PERSONAL NAME | |
| Personal name | Giroux, Philip |
| Titles and other words associated with a name | author. |
| 9 (RLIN) | 53295 |
| 700 ## - ADDED ENTRY--PERSONAL NAME | |
| Personal name | Beckstrom, Bob |
| Relator term | author. |
| 9 (RLIN) | 53296 |
| 700 ## - ADDED ENTRY--PERSONAL NAME | |
| Personal name | Walheim, Lance |
| Relator term | author. |
| 9 (RLIN) | 53297 |
| 700 ## - ADDED ENTRY--PERSONAL NAME | |
| Personal name | MacCaskey, Michael |
| Relator term | contributor. |
| 9 (RLIN) | 53298 |
| 700 ## - ADDED ENTRY--PERSONAL NAME | |
| Personal name | Marken, Bill |
| Relator term | contributor. |
| 9 (RLIN) | 53299 |
| 700 ## - ADDED ENTRY--PERSONAL NAME | |
| Personal name | Roth, Sally |
| Relator term | contributor. |
| 9 (RLIN) | 53300 |
| 710 ## - ADDED ENTRY--CORPORATE NAME | |
| Corporate name or jurisdiction name as entry element | National Gardening Association. |
| Relator term | author. |
| 9 (RLIN) | 46171 |
| 942 ## - ADDED ENTRY ELEMENTS (KOHA) | |
| Source of classification or shelving scheme | Dewey Decimal Classification |
| Koha item type | Circulation |
| Withdrawn status | Lost status | Source of classification or shelving scheme | Damaged status | Not for loan | Collection code | Home library | Current library | Date acquired | Source of acquisition | Cost, normal purchase price | Total Checkouts | Full call number | Barcode | Date last seen | Price effective from | Koha item type |
|---|---|---|---|---|---|---|---|---|---|---|---|---|---|---|---|---|
| Dewey Decimal Classification | Circulation | UM Digos College - LIC | UM Digos College - LIC | 07/19/2023 | Purchased | 2333.00 | DC 712.6 C344 2022 | 27990 | 05/15/2025 | 02/23/2024 | Circulation |
